| 000 | 00872nam a22002177a 4500 | ||
|---|---|---|---|
| 005 | 20170529142827.0 | ||
| 010 | _a1617EN | ||
| 020 |
_a9789382711643 _c245.00 |
||
| 035 | _aB-648595-607 | ||
| 035 | _aB-664765 | ||
| 037 |
_adpl _bStar |
||
| 082 | _aS | ||
| 100 | _aChowdhury, K.L. | ||
| 245 |
_aWhy don't you convert ? : _cby K.L. Chowdhury _band other short stories / |
||
| 260 |
_aNew Delhi _bVitasta _c2015 |
||
| 270 |
_a2/15, Ansari Road, Darya Ganj, _bNew Delhi _e110002 |
||
| 300 |
_a263p. _c19cm(pbk) |
||
| 942 |
_2ddc _cEN _mCHO _hS |
||
| 999 |
_c102221 _d102221 |
||